IOS 9000 2000

Đã lưu trong:
Sonraí Bibleagrafaíochta
Príomhúdar: Phó Đức Trù -Phạm Hồng
Formáid: Leabhar
Teanga:Vietnamese
Foilsithe: Khoa học và kỹ thuật 2002
Clibeanna: Cuir Clib Leis
Gan Chlibeanna, Bí ar an gcéad duine leis an taifead seo a chlibeáil!
Thư viện lưu trữ: Mạng thư viện Đại học Đà Nẵng
LEADER 00641nam a2200277 4500
001 000025656
003 1218
005 20150325120000.0
008 150325s vm 000 vie
020 |c 58000,0000 
040 |a notts 
100 |a Phó Đức Trù -Phạm Hồng 
245 |a IOS 9000 2000 
260 |b Khoa học và kỹ thuật  |c 2002 
300 |a 522tr. ; 
OWN |a LTT 
999 |a From the UDN01 
TYP |a Monograph 
TYP |a Printed language 
980 |a Mạng thư viện Đại học Đà Nẵng